Statistics for Foods that start with J

Click here to take the quiz!

General Stats

  • This quiz has been taken 1,636 times
  • The average score is 5 of 12

Answer Stats

HintAnswer% Correct
Spreadable fruit preserveJam
93%
Medium sized chilli pepperJalapeño
90%
Wobble wobble...Jelly
86%
Boneless marine animal often eaten at Asian resterantsJellyfish
56%
Spicy dish consisting of chicken, sausage, vegetables and riceJambalaya
50%
National fruit of BangladeshJackfruit
42%
Chocolaty-orange biscuit sized cakeJaffa Cake
40%
Spicy and aromatic dark berryJuniper Berry
33%
Small, chewy, sugary candyJelly bean
28%
Red Chinese date/ConfectionaryJujube
16%
Large, crunchy, nutty vegetable, also known as the Mexican yam beanJicama
13%
Dark purple Brazilian fruitJabuticaba
3%

Score Distribution

Percentile by Number Answered

Percent of People with Each Score

Your Score History

You have not taken this quiz